<?xml version="1.0" encoding="UTF-8"?>
<record
    xmlns:xsi="http://www.w3.org/2001/XMLSchema-instance"
    xsi:schemaLocation="http://www.loc.gov/MARC21/slim http://www.loc.gov/standards/marcxml/schema/MARC21slim.xsd"
    xmlns="http://www.loc.gov/MARC21/slim">

  <leader>00520nam a22001937a 4500</leader>
  <controlfield tag="001">2847</controlfield>
  <controlfield tag="003">HMS</controlfield>
  <controlfield tag="005">20251015160731.0</controlfield>
  <controlfield tag="008">251015b2024    cl ||||jr|||| 00| f spa  </controlfield>
  <datafield tag="020" ind1=" " ind2=" ">
    <subfield code="a">9789564185026</subfield>
  </datafield>
  <datafield tag="040" ind1=" " ind2=" ">
    <subfield code="a">hms</subfield>
    <subfield code="b">spa</subfield>
    <subfield code="c">hms</subfield>
  </datafield>
  <datafield tag="082" ind1="0" ind2="4">
    <subfield code="a">Ch863 C354</subfield>
  </datafield>
  <datafield tag="100" ind1="1" ind2=" ">
    <subfield code="a">Castro Arias, Mat&#xED;as</subfield>
    <subfield code="9">4442</subfield>
  </datafield>
  <datafield tag="245" ind1="1" ind2="3">
    <subfield code="a">El d&#xED;a de la nube /</subfield>
    <subfield code="c">Mat&#xED;as Castro Arias.</subfield>
    <subfield code="h">[libro]</subfield>
  </datafield>
  <datafield tag="260" ind1=" " ind2=" ">
    <subfield code="a">Concepci&#xF3;n, Chile :</subfield>
    <subfield code="b">s/i,</subfield>
    <subfield code="c">2024</subfield>
  </datafield>
  <datafield tag="300" ind1=" " ind2=" ">
    <subfield code="a">155 p&#xE1;ginas </subfield>
  </datafield>
  <datafield tag="650" ind1=" " ind2="7">
    <subfield code="a">Novelas chilenas </subfield>
    <subfield code="9">4443</subfield>
  </datafield>
  <datafield tag="942" ind1=" " ind2=" ">
    <subfield code="2">ddc</subfield>
    <subfield code="c">COL GRAL</subfield>
    <subfield code="n">0</subfield>
  </datafield>
  <datafield tag="999" ind1=" " ind2=" ">
    <subfield code="c">2847</subfield>
    <subfield code="d">2847</subfield>
  </datafield>
  <datafield tag="952" ind1=" " ind2=" ">
    <subfield code="0">0</subfield>
    <subfield code="1">0</subfield>
    <subfield code="2">ddc</subfield>
    <subfield code="4">0</subfield>
    <subfield code="7">0</subfield>
    <subfield code="8">col.gral</subfield>
    <subfield code="a">BHMS</subfield>
    <subfield code="b">BHMS</subfield>
    <subfield code="c">DISPLAY</subfield>
    <subfield code="d">2025-10-15</subfield>
    <subfield code="e">Donaci&#xF3;n</subfield>
    <subfield code="i">0002982</subfield>
    <subfield code="l">0</subfield>
    <subfield code="o">Ch863 C354 2024</subfield>
    <subfield code="p">0002982</subfield>
    <subfield code="r">2025-10-15 12:32:00</subfield>
    <subfield code="t">c.1</subfield>
    <subfield code="w">2025-10-15</subfield>
    <subfield code="y">COL GRAL</subfield>
  </datafield>
</record>
